000 00936nam0a22002531 4500
001 RU\INFOCOMM_322\NLR\5000110291
005 20250613104242.0
035 _a(NLR Aleph) 009490280
090 _a8644207
_c8644207
100 _a20121214d1925 |||y0rusy50 ca
101 0 _afre
102 _aRU
105 _ay z |||||
200 1 _aˆ...‰ Une station néolithique dans la tourbière près du village Lialovo aux sources de la rivière Kliasma
_eCompte-rendu des fouilles en 1923
_fBoris Al. Kouftine
_gLe Musée d'Etat de la région industrielle centrale
210 _aMoscou
_d1925
_gтип. "Тайнинский печатник"
215 _a7 с.
_d27 см
620 _aМосква
700 1 _9z01790
_aKuftin
_bB. A.
_f1892-1953
_gBoris Aleksandrovič
790 1 _9z01700
_aKouftine
_bB. A.
_gBoris Al.
_4070
801 1 _aRU
_bNLR
_c20121214
801 0 _aRU
_bINFOCOMM
_gPSBO
852 _aNLR
_jЕ-12/322
942 _cBOOK
980 _aNB